Statistiques concernant Equipage du Kid ( One Piece )

Cliquez ici pour prendre le quiz!

Statistiques générales

  • Ce quiz a été pris 14 fois
  • Le résultat moyen est 6 sur 18

Statistiques - réponses

Réponse% Correct
Kid
100%
Killer
100%
Heat
92%
Wire
54%
Hip
23%
Quincy
23%
Boogie
15%
Bubblegum
15%
Compo
15%
Dive
15%
Gig
15%
House
15%
Mosh
15%
Papas
15%
Pomp
15%
Rec
15%
UK
15%
Jagger
8%

Distribution des résultats

Percentile par nombre de réponses

% des personnes avec chaque résultat

Votre développement - résultats

Vous n’avez pas pris ce quiz